| 000 | 00592nam a2200145 a 4500 | ||
|---|---|---|---|
| 008 | 120416s1971 ||||||||||||||||| || u | ||
| 050 | _aT 355 Hoo | ||
| 100 | _aHooper, Lee | ||
| 245 | 1 | 0 | _aIntroduction to construction drafting |
| 246 | _athe active techniques, principles, and practices o f communication in the construction industry | ||
| 260 |
_aEnglewood Cliffs _bFT Prentice-Hall _c1971 |
||
| 300 | _aviii, 247p. : ill. | ||
| 350 | _a0.00 | ||
| 995 |
_D0.00 _FCBU-MAIN LIBRARY (Kitwe) _H1 _I3.50 _M1 _UDAMAGED _ZMain Library Open Access Collection |
||
| 999 |
_c47675 _d47675 |
||